|
|
|
|
| LEADER |
01452nam a2200385 a 4500 |
| 001 |
000637247 |
| 003 |
CZ BrMZK |
| 005 |
20030918151335.0 |
| 007 |
ta |
| 008 |
021120s2002 xr f cze d |
| 040 |
|
|
|a BOA001
|b cze
|
| 043 |
|
|
|a e-xr---
|
| 080 |
|
|
|a 72/76.071.1
|2 MRF
|
| 080 |
|
|
|a 72/76(437.3)
|2 MRF
|
| 080 |
|
|
|a 74/76.05
|2 MRF
|
| 080 |
|
|
|a 655.533
|2 MRF
|
| 080 |
|
|
|a (437.3)
|2 MRF
|
| 080 |
|
|
|a (083.81)
|2 MRF
|
| 245 |
0 |
0 |
|a Josef Kremláček :
|b výběr z tvorby /
|c [text: Václav Pajurek]
|
| 246 |
3 |
3 |
|a Výběr z tvorby
|
| 260 |
|
|
|a Havlíčkův Brod :
|b Galerie výtvarného umění,
|c 2002
|
| 300 |
|
|
|a [10] s. :
|b il. (některé barev.) ;
|c 20 x 20 cm
|
| 500 |
|
|
|a Katalog výstavy
|
| 600 |
1 |
7 |
|a Kremláček, Josef,
|d 1937-
|7 jn19990209425
|2 czenas
|
| 650 |
0 |
7 |
|a české výtvarné umění
|7 ph116865
|2 czenas
|
| 650 |
0 |
7 |
|a knižní ilustrace
|7 ph114931
|z Česko
|y 20. stol.
|2 czenas
|
| 650 |
0 |
7 |
|a výtvarní umělci
|7 ph116709
|z Česko
|2 czenas
|
| 655 |
|
7 |
|a katalogy výstav
|7 fd132536
|2 czenas
|
| 700 |
1 |
|
|a Pajurek, Václav,
|d 1944-
|7 ola2003206360
|4 wfw
|
| 700 |
1 |
|
|a Kremláček, Josef,
|d 1937-2015
|7 jn19990209425
|
| 710 |
2 |
|
|a Západomoravské muzeum (Třebíč, Česko)
|7 ko20010086916
|
| 710 |
2 |
|
|a Galerie výtvarného umění (Havlíčkův Brod, Česko)
|7 kn20020321741
|
| 910 |
|
|
|a BOA001
|b 2-1110.093
|
| 990 |
|
|
|a BK
|
| 996 |
6 |
|
|b 2610176014
|c 2-1110.093
|l MZK
|r Sklad / do 1 hodiny
|n 3
|p p.v.
|w 000637247
|u 000010
|a 1
|e BOA001
|j MZK50
|s P
|